Statistiques concernant Le jeu du pays le plus proche

Cliquez ici pour prendre le quiz!

Statistiques générales

  • Ce quiz a été pris 1 098 fois
  • Le résultat moyen est 57 sur 195

Réponses sur la Carte

Les réponses sont colorées sur une échelle allant du rouge au vert en fonction du pourcentage des utilisateurs qui les ont devinées à leur premier essai. Vous pouvez retrouver ces pourcentages ci-dessous.
 

Statistiques - réponses

DistancePays% Correct
33 kmRoyaume-Uni
99%
80 kmBelgique
85%
254 kmSuisse
79%
224 kmSlovénie
64%
45 kmBosnie-Herzégovine
63%
68 kmHongrie
60%
69 kmRépublique Tchèque
59%
218 kmItalie
58%
68 kmAlgérie
50%
374 kmEspagne
50%
8 kmMonaco
50%
20 kmDjibouti
45%
420 kmErythrée
45%
167 kmSoudan du Sud
45%
312 kmTchad
45%
28 kmYémen
45%
409 kmArabie Saoudite
44%
6 kmEgypte
44%
7 kmJordanie
44%
45 kmLiban
44%
69 kmChypre
43%
181 kmIran
43%
20 kmKoweït
43%
103 kmSyrie
43%
125 kmTurquie
43%
322 kmBahreïn
42%
31 kmEmirats Arabes Unis
42%
529 kmPakistan
42%
1 kmQatar
42%
770 kmCorée du Nord
41%
491 kmJapon
41%
59 kmKazakhstan
41%
39 kmMongolie
41%
43 kmRussie
41%
16 kmTadjikistan
41%
101 kmAfghanistan
40%
110 kmArménie
40%
211 kmAzerbaïdjan
40%
211 kmInde
40%
222 kmIrak
40%
290 kmKirghizistan
40%
288 kmMadagascar
40%
716 kmMaldives
40%
281 kmMozambique
40%
1 957 kmSeychelles
40%
1 kmSri Lanka
40%
199 kmTurkménistan
40%
379 kmComores
39%
177 kmRépublique Démocratique du Congo
39%
118 kmAngola
38%
32 kmBotswana
38%
158 kmGabon
38%
652 kmBurundi
37%
274 kmEswatini
37%
195 kmEthiopie
37%
421 kmLesotho
37%
919 kmMalawi
37%
1 kmNamibie
37%
95 kmOuganda
37%
425 kmSomalie
37%
649 kmTanzanie
37%
367 kmZimbabwe
37%
517 kmAfrique du Sud
36%
519 kmKenya
36%
571 kmOman
36%
365 kmRwanda
36%
1 420 kmSoudan
36%
610 kmZambie
36%
201 kmGuinée Equatoriale
35%
2 282 kmRépublique du Congo
35%
734 kmBénin
34%
86 kmCameroun
34%
42 kmGhana
34%
226 kmMali
34%
191 kmNiger
34%
95 kmNigeria
34%
273 kmSao Tomé-et-Principe
34%
101 kmTogo
34%
448 kmBurkina Faso
33%
657 kmCap Vert
33%
226 kmCôte d'Ivoire
33%
189 kmGambie
33%
267 kmGuinée
33%
60 kmGuinée-Bissau
33%
452 kmLiberia
33%
756 kmMaroc
33%
253 kmMauritanie
33%
202 kmPortugal
33%
441 kmSénégal
33%
243 kmSierra Leone
33%
637 kmAndorre
32%
718 kmAllemagne
31%
33 kmLiechtenstein
30%
338 kmLuxembourg
30%
64 kmPays-Bas
30%
200 kmDanemark
29%
144 kmLettonie
29%
4 kmSuède
29%
190 kmPologne
28%
101 kmRoumanie
28%
38 kmAlbanie
27%
23 kmAutriche
27%
168 kmCroatie
27%
218 kmSerbie
27%
68 kmSlovaquie
27%
148 kmBulgarie
26%
114 kmGrèce
26%
54 kmKosovo
26%
79 kmMacédoine du Nord
26%
178 kmMontenegro
26%
470 kmBiélorussie
25%
152 kmEstonie
25%
47 kmFinlande
25%
220 kmLituanie
25%
337 kmMoldavie
25%
575 kmUkraine
25%
108 kmChine
24%
842 kmGéorgie
24%
772 kmOuzbékistan
24%
156 kmPhilippines
24%
4 kmTaïwan
24%
34 kmMalaisie
23%
40 kmBrunei
22%
6 kmIndonésie
22%
1 kmSingapour
22%
956 kmViêt Nam
22%
579 kmBangladesh
21%
63 kmBhoutan
21%
297 kmBirmanie
21%
324 kmCambodge
21%
22 kmNépal
21%
104 kmThaïlande
21%
2 789 kmCorée du Sud
20%
396 kmEtats Fédérés de Micronésie
20%
2 603 kmLaos
20%
2 962 kmPalaos
20%
2 kmIles Salomon
18%
482 kmPapouasie Nouvelle-Guinée
18%
3 092 kmAustralie
17%
747 kmFidji
17%
597 kmIles Marshall
17%
342 kmKiribati
17%
287 kmNauru
17%
5 387 kmNouvelle-Zélande
17%
262 kmSamoa
17%
441 kmTimor Oriental
17%
327 kmTonga
17%
1 036 kmTuvalu
17%
155 kmVanuatu
17%
85 kmBahamas
16%
89 kmCuba
16%
6 789 kmEtats-Unis
16%
85 kmHaïti
16%
188 kmJamaïque
16%
448 kmRépublique Dominicaine
16%
576 kmColombie
14%
154 kmAntigua-et-Barbuda
12%
161 kmBelize
12%
752 kmCosta Rica
12%
129 kmDominique
12%
130 kmGrenade
12%
535 kmGuatemala
12%
56 kmHonduras
12%
177 kmMexique
12%
137 kmNicaragua
12%
878 kmPanama
12%
68 kmSaint-Christophe-et-Nièves
12%
42 kmSainte-Lucie
12%
1 kmSaint-Vincent-et-les-Grenadines
12%
14 kmSalvador
12%
14 kmTrinité-et-Tobago
12%
445 kmVenezuela
12%
583 kmArgentine
11%
524 kmBarbade
11%
1 013 kmBolivie
11%
486 kmBrésil
11%
4 229 kmCanada
11%
713 kmChili
11%
2 340 kmEquateur
11%
507 kmGuyana
11%
847 kmIrlande
11%
1 638 kmIslande
11%
867 kmIsraël
11%
340 kmLibye
11%
288 kmMalte
11%
973 kmNorvège
11%
457 kmParaguay
11%
1 252 kmPérou
11%
1 659 kmSaint-Marin
11%
1 620 kmSuriname
11%
547 kmTunisie
11%
276 kmUruguay
11%
221 kmVatican
11%
3 651 kmMaurice
10%
2 411 kmRépublique Centrafricaine
10%

Distribution des résultats

Percentile par nombre de réponses

% des personnes avec chaque résultat

Votre développement - résultats

Vous n’avez pas pris ce quiz